| 000 | 00724nam a22001937a 4500 | ||
|---|---|---|---|
| 005 | 20100727124844.0 | ||
| 010 | _aENG-96874 | ||
| 020 |
_a9788125035121 _c850.00 |
||
| 020 |
_a8125035125 _c850.00 |
||
| 035 | _aEN-80407 | ||
| 037 | _bDBAD/PUB | ||
| 082 | _a808.88 | ||
| 245 |
_aNew bearings in english studies: _ba festschrift for C T Indra / _cedited by R Azhagarasan..[et.al] |
||
| 260 |
_aNew Delhi _bOrient Longman _c2008 |
||
| 270 |
_a1/24 Asaf Ali Road, New Delhi-110002 _bNew Delhi |
||
| 300 |
_axxvii, 243p. _c24cm (Hb) |
||
| 942 |
_2ddc _cEN _h808.88 _mNEW |
||
| 999 |
_c37909 _d37909 |
||